000 00446nam a22001457a 4500
999 _c14662
_d14662
003 AR-CdUCM
008 190424b ||||| |||| 00| 0 spa d
040 _aMUNICIPALIDAD PROVINCIAL DEL CUSCO
_cBIBLIOTECA MUNICIPAL DEL CUSCO
082 _aC / 050 /
_bR46
245 _aRevista del archivo histórico del Cuzco N.9 /
260 _aCuzco :
_bH. G. Rozas,
_c1958.
300 _a462 páginas ;
_c21 cm.
942 _2ddc
_cPP
945 _awfj
_d2019-04-24